000
00221nam a22000857a 4500
008
160920b xxu||||| |||| 00| 0 eng d
100
_9
672
_a
Goyal.A.etal
245
_a
Science Lab-IX
260
_a
New Delhi
_b
AI. Publications
_c
2011
999
_c
3329
_d
3329